000 00722nam a2200217 a 4500
001 65586
003 BD-RjUL
005 20211209081437.0
008 170308s1956 bg ||||| |||| 001 0 ben d
035 _a(BD-RjUL)65716
040 _aBD-RjUL
_bben
_cBD-RjUL
_dBD-RjUL
041 _aben
082 _223
_a891.442
_bLAP 1956
100 1 _aলাহিড়ী, তুলসীদাস
_9194054
245 1 _aপথিক /
_cতুলসীদাস লাহিড়ী
260 _aকলকাতা :
_bরায় চৌধুরী,
_c১৯৫৬
300 _a১১৪ পৃ. ;
_c২১ সেমি.
650 _aবাংলা
_vনাটক
_9118345
650 _aBengali
_vDrama
_9118994
942 _2ddc
_cBK
999 _c65586
_d65586